000 00580nam a2200229Ia 4500
001 9104
005 20240113234150.0
007 ta
008 050723s1959 a g b000 u eng u
040 _aCotton College Assam
041 _aeng
082 _a824.83
_bP 852 M
100 _aPotter, G.R. .
245 0 _aMacaulay /
_cG.R. Potter.
_hTextual Documents
250 _a1st ed /
260 _aLondon :
_bLongmans Green & Co ,
_c1959.
300 _a40p. :
_bill. ;
_c22cm. .
653 _aEnglish-Essay
942 _2ddc
_cBK
999 _c9091
_d9091